| 000 | 00445nam a2200169 a 4500 | ||
|---|---|---|---|
| 001 | 0000-8574 | ||
| 003 | ELIB.Books | ||
| 008 | 110520 1944 | ||
| 035 | _a(ELIB.Books)0000-8720 | ||
| 082 |
_a270 _bTho |
||
| 100 | _aThomas, George F. | ||
| 245 | _aThe Vitality of the Christian Tradition | ||
| 260 |
_bNew York: Harper and Brothers _c1944 |
||
| 650 | _aChurch History | ||
| 942 |
_2ddc _cBK |
||
| 998 |
_cbat _e2011-05-20 |
||
| 999 |
_c8574 _d8574 |
||